000 00287nam a2200121Ia 4500
008 241002s9999 xx 000 0 und d
082 _a923.1 ALL
100 _aAllana, G.
245 0 _aQuaid-e-Azam Jinnah Story of Nation
260 _aKarachi:
_c1967
600 _aHistory
942 _cUC
999 _c18474
_d18474